000 01386nam a2200253 a 4500
008 190822s2018 ||||||||||||||||| || u
020 _a9781337093354
050 _aTA 405 Goo
100 _aGoodno, Barry J.
245 1 0 _aMechanics of materials. (9th edition)
_cBy Barry J. Goodno ; James M. Gere
250 _a9th edition
260 _aBoston
_bCengage Learning
_c2018
300 _axxv, 1157 pages : illustrations
350 _a96.95
650 0 _aSTRENGTH OF MATERIALS
650 0 _aMATERIALS
650 _aMECHANICS--APPLIED
700 _aGere, James M
995 _aMAIN LIBRARY OPEN ACCESS
_e749858
_FCBU-MAIN LIBRARY (Kitwe)
_I96.95
_jTA 405 Goo
_M5
_UAVAILABLE
_WAug 23, 2019
_y749858
_ZMain Library Open Access Collection
995 _aMAIN LIBRARY OPEN ACCESS
_e749860
_FCBU-MAIN LIBRARY (Kitwe)
_I96.95
_jTA 405 Goo
_M3
_UOUT
_WAug 23, 2019
_y749860
_ZMain Library Open Access Collection
995 _aMAIN LIBRARY OPEN ACCESS
_e749760
_FCBU-MAIN LIBRARY (Kitwe)
_I96.95
_jTA 405 Goo
_M2
_UOUT
_WAug 22, 2019
_y749760
_ZMain Library Open Access Collection
995 _aMAIN LIBRARY OPEN ACCESS
_e749859
_FCBU-MAIN LIBRARY (Kitwe)
_I96.95
_jTA 405 Goo
_M4
_UAVAILABLE
_WAug 23, 2019
_y749859
_ZMain Library Open Access Collection
995 _aMAIN LIBRARY OPEN ACCESS
_e749761
_FCBU-MAIN LIBRARY (Kitwe)
_I96.95
_jTA 405 Goo
_M1
_UAVAILABLE
_WAug 22, 2019
_y749761
_ZMain Library Open Access Collection
999 _c82844
_d82844